000 00682 a2200205 4500
010 _aENG-90171
020 _c750.00
_a8189131142
035 _aEN-73704
037 _bDBAD / PUB
082 1 4 _a954.35
090 _c12729
_d12729
100 1 _aReddy, R. Soma
245 1 _aStudies in the socio-economic history of medieval Andhra Desa/
_cby R. Soma Reddy
260 _aNew Delhi
_bResearch India Press
_c2007
270 _aE-6/34, Sangam Vihar
_bNew Delhi
_e110062
300 _axxi, 187p.
_c22 cm. (Hb)
500 _aIncludes index.
942 _adpl
_cEN
_k954.35 / RED
999 _c12366
_d12366